Stray Kids Songs (starting with the letter G) - Statistics

General Stats
  • This quiz has been taken 43 times
  • The average score is 6 of 13
Answer Stats
Songs % Correct
God's Menu
76%
GIANT
62%
Grow Up
62%
Get Cool
59%
GLOW
55%
GET LIT
48%
Ghost
48%
GO LIVE
48%
Gone Away (HAN, Seungmin, I.N)
41%
Going Dumb
31%
Give Me Your TMI
28%
goodbye (Seungmin)
7%
GENIE (I.N, HAN & Felix)
3%
No matching quizzes found
Score Distribution
Percent of People with Each Score
Percentile by Number Answered
Your Score History
You have not taken this quiz